000
00278nam a22001337a 4500
020
_a
0-7214-0896-6
082
_a
823
_b
GRA/T
100
_a
GRANT, JOHN
245
_a
THE TRANSFORMERS
260
_a
UK
_b
LADYBIRD
300
_a
42
650
_a
ENGLISH SHORT STORY
_z
UK
942
_c
BK
999
_c
4449
_d
4449